Entry Término temático
001 - NÚMERO DE CONTROL
- campo de control: 35033
003 - IDENTIFICADOR DEL NÚMERO DE CONTROL
- campo de control: BNPHU
005 - FECHA Y HORA DE LA ÚLTIMA TRANSACCIÓN
- campo de control: 20260206123519.0
008 - DATOS DE LONGITUD FIJA
- campo de control de longitud fija: 200615|| aca||aabn | a|a d
010 ## - NÚMERO DE CONTROL DE LA BIBLIOTECA DEL CONGRESO
- Número de control de LC: sh 85003306
040 ## - FUENTE DE LA CATALOGACIÓN
- Centro catalogador/agencia de origen: DO-SdBNP
- Lengua de catalogación: spa
- Centro/agencia transcriptor: BNPHU
- Normas de descripción: spa
150 ## - ENCABEZAMIENTO--TÉRMINO DE MATERIA
- Término de materia o nombre geográfico como elemento de entrada: Alcoholismo y delincuencia
450 ## - TRAZADO DE VÉASE--TÉRMINO DE MATERIA
- Término de materia o nombre geográfico como elemento de entrada: Delincuencia y alcoholismo
450 ## - TRAZADO DE VÉASE--TÉRMINO DE MATERIA
- Término de materia o nombre geográfico como elemento de entrada: Alcoholismo y crimen
450 ## - TRAZADO DE VÉASE--TÉRMINO DE MATERIA
- Término de materia o nombre geográfico como elemento de entrada: Alcoholism and crime
550 ## - TRAZADO VÉASE ADEMÁS--TÉRMINO DE MATERIA
- Término de materia o nombre geográfico como elemento de entrada: Delitos y delincuentes
- Subcampo de control: g
550 ## - TRAZADO VÉASE ADEMÁS--TÉRMINO DE MATERIA
- Término de materia o nombre geográfico como elemento de entrada: Embriaguez (Derecho penal)
670 ## - FUENTE DE DATOS ENCONTRADOS
- Cita de la fuente: Work cat.: (OSt)15066: Ramos Jerez, Leoncio, 1894-1971 17088, Notas para una introducción a la criminología :, 2009.
670 ## - FUENTE DE DATOS ENCONTRADOS
- Identificador Uniforme del Recurso: https://librunam.dgb.unam.mx:8443/F/2SKLQ2CGUGFMP8FX2LQE4UEB2IYQLBLCVVV8F3JC4SSLVG3C1P-46702?func=full-set-set&set_number=008977&set_entry=000001&format=001 Consultado en 06 de Febrero, 2026
680 ## - NOTA GENERAL PÚBLICA
- Texto explicativo: Aquí se asientan las obras sobre la relación entre el alcoholismo y la conducta criminal o la incidencia en el crimen. Las obras sobre la intoxicación alcohólica como ofensa criminal o como un factor de responsabilidad criminal se asientan bajo el encabezamiento
- Encabezamiento o término de subdivisión: Embriaguez (Derecho penal)
681 ## - NOTA DE EJEMPLO DE TRAZADO DE MATERIA
- Texto explicativo: Nota bajo
- Encabezamiento de materia o término de subdivisión: Embriaguez (Derecho penal)
750 0# - ENTRADA DE ENLACE DE ENCABEZAMIENTO ESTABLECIDO--TÉRMINO DE MATERIA
- Número de control del registro de autoridad o número normalizado: sh 85003306
- Término de materia o nombre geográfico como elemento de entrada: Alcoholism and crime
